<?xml version="1.0" encoding="UTF-8"?>
<record
    xmlns:xsi="http://www.w3.org/2001/XMLSchema-instance"
    xsi:schemaLocation="http://www.loc.gov/MARC21/slim http://www.loc.gov/standards/marcxml/schema/MARC21slim.xsd"
    xmlns="http://www.loc.gov/MARC21/slim">

  <leader>00280nam a22001097a 4500</leader>
  <controlfield tag="003">SGT</controlfield>
  <datafield tag="022" ind1=" " ind2=" ">
    <subfield code="a">2455-846X</subfield>
  </datafield>
  <datafield tag="245" ind1=" " ind2=" ">
    <subfield code="a">INDIAN JOURNAL OF ANATOMY AND SURGERY OF HEAD, NECK AND BRAIN</subfield>
    <subfield code="b">IJASHNB</subfield>
  </datafield>
  <datafield tag="260" ind1=" " ind2=" ">
    <subfield code="a">INDIA </subfield>
    <subfield code="b">INNOVATIVE PUB.</subfield>
    <subfield code="c">2017</subfield>
  </datafield>
  <datafield tag="310" ind1=" " ind2=" ">
    <subfield code="a">QUARTERLY</subfield>
  </datafield>
  <datafield tag="942" ind1=" " ind2=" ">
    <subfield code="2">ddc</subfield>
    <subfield code="c">LJ</subfield>
  </datafield>
  <datafield tag="952" ind1=" " ind2=" ">
    <subfield code="0">0</subfield>
    <subfield code="1">0</subfield>
    <subfield code="2">ddc</subfield>
    <subfield code="4">0</subfield>
    <subfield code="7">0</subfield>
    <subfield code="a">FM</subfield>
    <subfield code="b">FM</subfield>
    <subfield code="c">REF</subfield>
    <subfield code="d">2017-05-29</subfield>
    <subfield code="e">INNOVATIVE SUB. </subfield>
    <subfield code="h">VOL.-3 ISSUE- 1 (JAN-MAR-2017</subfield>
    <subfield code="i">SGTU</subfield>
    <subfield code="l">0</subfield>
    <subfield code="r">2017-05-29 00:00:00</subfield>
    <subfield code="w">2017-05-29</subfield>
    <subfield code="y">LJ</subfield>
  </datafield>
  <datafield tag="952" ind1=" " ind2=" ">
    <subfield code="0">0</subfield>
    <subfield code="1">0</subfield>
    <subfield code="2">ddc</subfield>
    <subfield code="4">0</subfield>
    <subfield code="7">0</subfield>
    <subfield code="a">FM</subfield>
    <subfield code="b">FM</subfield>
    <subfield code="d">2020-07-21</subfield>
    <subfield code="h">VOL.-3 ISSUE- 2 (APRIL-JUNE-2017)</subfield>
    <subfield code="i">SGTU</subfield>
    <subfield code="l">0</subfield>
    <subfield code="r">2020-07-21 00:00:00</subfield>
    <subfield code="w">2020-07-21</subfield>
    <subfield code="y">LJ</subfield>
  </datafield>
  <datafield tag="952" ind1=" " ind2=" ">
    <subfield code="0">0</subfield>
    <subfield code="1">0</subfield>
    <subfield code="2">ddc</subfield>
    <subfield code="4">0</subfield>
    <subfield code="7">0</subfield>
    <subfield code="a">FM</subfield>
    <subfield code="b">FM</subfield>
    <subfield code="d">2020-07-21</subfield>
    <subfield code="h">VOL.-3 ISSUE- 3 (JULY-SEPT-2017)</subfield>
    <subfield code="i">SGTU</subfield>
    <subfield code="l">0</subfield>
    <subfield code="r">2020-07-21 00:00:00</subfield>
    <subfield code="w">2020-07-21</subfield>
    <subfield code="y">LJ</subfield>
  </datafield>
  <datafield tag="952" ind1=" " ind2=" ">
    <subfield code="0">0</subfield>
    <subfield code="1">0</subfield>
    <subfield code="2">ddc</subfield>
    <subfield code="4">0</subfield>
    <subfield code="7">0</subfield>
    <subfield code="a">FM</subfield>
    <subfield code="b">FM</subfield>
    <subfield code="d">2020-07-21</subfield>
    <subfield code="h">VOL.-3 ISSUE- 4 (OCT-DEC-2017)</subfield>
    <subfield code="i">SGTU</subfield>
    <subfield code="l">0</subfield>
    <subfield code="r">2020-07-21 00:00:00</subfield>
    <subfield code="w">2020-07-21</subfield>
    <subfield code="y">LJ</subfield>
  </datafield>
  <datafield tag="952" ind1=" " ind2=" ">
    <subfield code="0">0</subfield>
    <subfield code="1">0</subfield>
    <subfield code="2">ddc</subfield>
    <subfield code="4">0</subfield>
    <subfield code="7">0</subfield>
    <subfield code="8">MEDICAL</subfield>
    <subfield code="a">FM</subfield>
    <subfield code="b">FM</subfield>
    <subfield code="c">REF</subfield>
    <subfield code="d">2020-07-21</subfield>
    <subfield code="e">INNOVATIVE SUBSCRIPTION SERVICE</subfield>
    <subfield code="h">VOL.-4 ISSUE- 1 (JAN-MAR-2018)</subfield>
    <subfield code="i">SGTU</subfield>
    <subfield code="l">0</subfield>
    <subfield code="r">2020-07-21 00:00:00</subfield>
    <subfield code="w">2020-07-21</subfield>
    <subfield code="y">LJ</subfield>
  </datafield>
  <datafield tag="952" ind1=" " ind2=" ">
    <subfield code="0">0</subfield>
    <subfield code="1">0</subfield>
    <subfield code="2">ddc</subfield>
    <subfield code="4">0</subfield>
    <subfield code="7">0</subfield>
    <subfield code="a">FM</subfield>
    <subfield code="b">FM</subfield>
    <subfield code="d">2020-07-21</subfield>
    <subfield code="h">VOL.-4 ISSUE- 2 (APRIL-JUNE-2018)</subfield>
    <subfield code="i">SGTU</subfield>
    <subfield code="l">0</subfield>
    <subfield code="r">2020-07-21 00:00:00</subfield>
    <subfield code="w">2020-07-21</subfield>
    <subfield code="y">LJ</subfield>
  </datafield>
  <datafield tag="952" ind1=" " ind2=" ">
    <subfield code="0">0</subfield>
    <subfield code="1">0</subfield>
    <subfield code="2">ddc</subfield>
    <subfield code="4">0</subfield>
    <subfield code="7">0</subfield>
    <subfield code="a">FM</subfield>
    <subfield code="b">FM</subfield>
    <subfield code="d">2020-07-21</subfield>
    <subfield code="h">VOL.-4 ISSUE- 3 (JULY-SEPT-2018)</subfield>
    <subfield code="i">SGTU</subfield>
    <subfield code="l">0</subfield>
    <subfield code="r">2020-07-21 00:00:00</subfield>
    <subfield code="w">2020-07-21</subfield>
    <subfield code="y">LJ</subfield>
  </datafield>
  <datafield tag="952" ind1=" " ind2=" ">
    <subfield code="0">0</subfield>
    <subfield code="1">0</subfield>
    <subfield code="2">ddc</subfield>
    <subfield code="4">0</subfield>
    <subfield code="7">0</subfield>
    <subfield code="a">FM</subfield>
    <subfield code="b">FM</subfield>
    <subfield code="d">2020-07-21</subfield>
    <subfield code="h">VOL.-4 ISSUE- 4 (OCT-DEC-2018)</subfield>
    <subfield code="i">SGTU</subfield>
    <subfield code="l">0</subfield>
    <subfield code="r">2020-07-21 00:00:00</subfield>
    <subfield code="w">2020-07-21</subfield>
    <subfield code="y">LJ</subfield>
  </datafield>
  <datafield tag="952" ind1=" " ind2=" ">
    <subfield code="0">0</subfield>
    <subfield code="1">0</subfield>
    <subfield code="2">ddc</subfield>
    <subfield code="4">0</subfield>
    <subfield code="7">0</subfield>
    <subfield code="8">MEDICAL</subfield>
    <subfield code="a">FM</subfield>
    <subfield code="b">FM</subfield>
    <subfield code="c">REF</subfield>
    <subfield code="d">2020-07-21</subfield>
    <subfield code="e">INNOVATIVE SUBSCRIPTION SERVICE</subfield>
    <subfield code="h">VOL.-5 ISSUE- 1 (JAN-MAR-2019)</subfield>
    <subfield code="i">SGTU</subfield>
    <subfield code="l">0</subfield>
    <subfield code="r">2020-07-21 00:00:00</subfield>
    <subfield code="w">2020-07-21</subfield>
    <subfield code="y">LJ</subfield>
  </datafield>
  <datafield tag="952" ind1=" " ind2=" ">
    <subfield code="0">0</subfield>
    <subfield code="1">0</subfield>
    <subfield code="2">ddc</subfield>
    <subfield code="4">0</subfield>
    <subfield code="7">0</subfield>
    <subfield code="a">FM</subfield>
    <subfield code="b">FM</subfield>
    <subfield code="d">2020-07-21</subfield>
    <subfield code="h">VOL.-5 ISSUE- 2 (APRIL-JUNE-2019)</subfield>
    <subfield code="i">SGTU</subfield>
    <subfield code="l">0</subfield>
    <subfield code="r">2020-07-21 00:00:00</subfield>
    <subfield code="w">2020-07-21</subfield>
    <subfield code="y">LJ</subfield>
  </datafield>
  <datafield tag="952" ind1=" " ind2=" ">
    <subfield code="0">0</subfield>
    <subfield code="1">0</subfield>
    <subfield code="2">ddc</subfield>
    <subfield code="4">0</subfield>
    <subfield code="7">0</subfield>
    <subfield code="a">FM</subfield>
    <subfield code="b">FM</subfield>
    <subfield code="d">2020-07-21</subfield>
    <subfield code="h">VOL.-5 ISSUE- 3 (JULY-SEPT-2019)</subfield>
    <subfield code="i">SGTU</subfield>
    <subfield code="l">0</subfield>
    <subfield code="r">2020-07-21 00:00:00</subfield>
    <subfield code="w">2020-07-21</subfield>
    <subfield code="y">LJ</subfield>
  </datafield>
  <datafield tag="952" ind1=" " ind2=" ">
    <subfield code="0">0</subfield>
    <subfield code="1">0</subfield>
    <subfield code="2">ddc</subfield>
    <subfield code="4">0</subfield>
    <subfield code="7">0</subfield>
    <subfield code="a">FM</subfield>
    <subfield code="b">FM</subfield>
    <subfield code="d">2020-07-21</subfield>
    <subfield code="h">VOL.-5 ISSUE- 4 (OCT-DEC-2019)</subfield>
    <subfield code="i">SGTU</subfield>
    <subfield code="l">0</subfield>
    <subfield code="r">2020-07-21 00:00:00</subfield>
    <subfield code="w">2020-07-21</subfield>
    <subfield code="y">LJ</subfield>
  </datafield>
  <datafield tag="952" ind1=" " ind2=" ">
    <subfield code="0">0</subfield>
    <subfield code="1">0</subfield>
    <subfield code="2">ddc</subfield>
    <subfield code="4">0</subfield>
    <subfield code="7">0</subfield>
    <subfield code="8">MEDICAL</subfield>
    <subfield code="a">FM</subfield>
    <subfield code="b">FM</subfield>
    <subfield code="c">REF</subfield>
    <subfield code="d">2020-07-21</subfield>
    <subfield code="e">INNOVATIVE SUBSCRIPTION SERVICE</subfield>
    <subfield code="h">VOL.-6 ISSUE- 1 (JAN-MAR-2020)</subfield>
    <subfield code="i">SGTU</subfield>
    <subfield code="l">0</subfield>
    <subfield code="r">2020-07-21 00:00:00</subfield>
    <subfield code="w">2020-07-21</subfield>
    <subfield code="y">LJ</subfield>
  </datafield>
  <datafield tag="999" ind1=" " ind2=" ">
    <subfield code="c">11623</subfield>
    <subfield code="d">11623</subfield>
  </datafield>
</record>
